[Event "Challenge"]
[Site "http://www.queenalice.com/game.php?id=884379"]
[Date "2011.1.11"]
[Round "-"]
[White "cyrano"]
[Black "Homedepotov"]
[Result "0-1"]
[WhiteElo "1644"]
[BlackElo "1580"]

1. e4 e5 2. d4 exd4 3. Qxd4 Nc6 4. Qd5 Nf6 5. Qd3 d6 6. f4 Be7 7. Nf3 O-O 8. e5
dxe5 9. fxe5 Qxd3 10. Bxd3 Nd7 11. Nc3 Ndxe5 12. Nxe5 Nxe5 13. Nd5 Nxd3+ 14.
cxd3 Bd6 15. O-O c6 16. Ne3 Be6 17. b3 f5 18. Nc4 Bxc4 19. bxc4 Bc5+ 20. Kh1
Rad8 21. Rd1 Rxd3 22. Rxd3 f4 23. Rf3 g5 24. Rb1 b6 25. g3 Bd6 26. Kg2 g4 27.
Rf1 f3+ 28. Kh1 Re8 29. Bd2 Re2 30. Bf4 Bxf4 31. gxf4 Rxa2 32. Rbd1 Rc2 33. Rd7
Rxc4 34. Re1 Rxf4 35. Re8+ Rf8 36. Re1 a5 37. Kg1 f2+ 38. Kf1 fxe1=N+ 39. Kxe1
a4 40. Rd6 Rc8 41. Rd4 b5 42. Rxg4+ Kf7 43. h4 c5 44. Kd1 c4 45. Kc1 a3 46. Kb1
b4 47. Ka2 h5 48. Rg5 c3 49. Rg1 c2 50. Rc1 Rc3 51. Ra1 c1=N+ 52. Kb1 Nd3 53.
Ra2 Rc1# 0-1

[Event "Challenge"]
[Site "http://www.queenalice.com/game.php?id=884756"]
[Date "2011.1.12"]
[Round "-"]
[White "jamesxirb"]
[Black "Homedepotov"]
[Result "0-1"]
[WhiteElo "1460"]
[BlackElo "1610"]

1. e4 e5 2. d4 exd4 3. Qxd4 Nc6 4. Qd1 d6 5. Nc3 Nf6 6. g3 Be6 7. f4 Be7 8. f5
Bd7 9. Nf3 O-O 10. Be3 Ne5 11. Nb5 a6 12. Nbd4 Nxe4 13. Bd3 Nxf3+ 14. Qxf3 Nc5
15. g4 Nxd3+ 16. Kd1 Ne5 17. Qe4 Bc6 18. Qf4 Bxh1 19. g5 c5 20. Nb3 Bf3+ 21. Ke1
Bc6 22. f6 gxf6 23. h4 fxg5 24. Qf5 gxh4 25. Bh6 Re8 26. Bg5 Bxg5 27. Ke2 Bb5+
28. Ke1 Ng4+ 29. Kd1 Be2+ 30. Ke1 Qe7 31. Nc1 Bd1+ 32. Kxd1 Qe1# 0-1

[Event "Challenge"]
[Site "http://www.queenalice.com/game.php?id=884757"]
[Date "2011.1.12"]
[Round "-"]
[White "Homedepotov"]
[Black "jamesxirb"]
[Result "1-0"]
[WhiteElo "1568"]
[BlackElo "1465"]

1. d4 d5 2. c4 Be6 3. cxd5 Bxd5 4. Nc3 e6 5. e4 Bc6 6. Nf3 b5 7. Bxb5 a6 8.
Bxc6+ Nxc6 9. O-O g6 10. Re1 f5 11. exf5 gxf5 12. d5 Qd6 13. Rxe6+ Be7 14. Rxd6
cxd6 15. dxc6 Kd8 16. Nd5 Ra7 17. c7+ Kc8 18. Qd4 Kb7 19. Qxa7+ Kc8 20. Qb8+ Kd7
21. c8=Q# 1-0

[Event "Challenge"]
[Site "http://www.queenalice.com/game.php?id=884758"]
[Date "2011.1.12"]
[Round "-"]
[White "Homedepotov"]
[Black "jamesxirb"]
[Result "1-0"]
[WhiteElo "1599"]
[BlackElo "1486"]

1. Nf3 d5 2. d4 Nc6 3. Bf4 e6 4. e3 f6 5. Nc3 g5 6. Bg3 h5 7. h3 Bh6 8. Bd3 h4
9. Bh2 a5 10. O-O f5 11. Nb5 Nf6 12. Nxc7+ Kf8 13. Nxa8 b6 14. Bb5 Bb7 15. Nxb6
Qxb6 16. a4 Qd8 17. Ne5 Qd6 18. Ng6+ Kg8 19. Nxh8 f4 20. Ng6 Kg7 21. Bxc6 Qxc6
22. Ne5 Qb6 23. b3 Ne4 24. Qh5 Nf6 25. Qg6+ Kh8 26. Nf7# 1-0

[Event "Challenge"]
[Site "http://www.queenalice.com/game.php?id=891167"]
[Date "2011.1.25"]
[Round "-"]
[White "Homedepotov"]
[Black "cyrano"]
[Result "1-0"]
[WhiteElo "1620"]
[BlackElo "1645"]

1. d4 d5 2. c4 c6 3. Nc3 Qa5 4. cxd5 cxd5 5. Nf3 f6 6. e3 Bf5 7. Bd2 Qb4 8. Nxd5
Qxb2 9. Nc7+ Kd8 10. Nxa8 Qa3 11. Bc4 e6 12. O-O Qd6 13. Qb3 Qc6 14. d5 Qd6 15.
Qxb7 Nd7 16. Ba5+ Ke7 17. Bb4 Qxb4 18. Qxb4+ Kd8 19. d6 Nh6 20. Qa5+ Kc8 21.
Qc7# 1-0

[Event "Kansas State Championship"]
[Site "http://www.queenalice.com/game.php?id=891229"]
[Date "2011.1.25"]
[Round "-"]
[White "horsemen"]
[Black "Homedepotov"]
[Result "0-1"]
[WhiteElo "1441"]
[BlackElo "1647"]

1. d4 Nf6 2. Nf3 d5 3. Nc3 Nc6 4. b3 e6 5. a3 a6 6. g3 Bd6 7. Bg2 O-O 8. O-O Bd7
9. Bb2 Qe7 10. Qd3 b5 11. Ng5 h6 12. Nf3 b4 13. axb4 Nxb4 14. Qd1 a5 15. Ba3 c5
16. dxc5 Bxc5 17. Qd2 Bd6 18. h4 Rfc8 19. Bh3 Rc7 20. e3 Rac8 21. Na2 Rxc2 22.
Qd4 Nxa2 23. Bxd6 Qxd6 24. Qa4 Bxa4 25. bxa4 Ne4 26. g4 Nxf2 27. Rxf2 Qg3+ 28.
Bg2 Qxf2+ 29. Kh2 Qxg2# 0-1

[Event "I Want Revenge"]
[Site "http://www.queenalice.com/game.php?id=891722"]
[Date "2011.1.26"]
[Round "-"]
[White "cyrano"]
[Black "Homedepotov"]
[Result "0-1"]
[WhiteElo "1625"]
[BlackElo "1637"]

1. e4 Nf6 2. d3 e5 3. c3 d5 4. Nf3 dxe4 5. Nxe5 exd3 6. Bxd3 Bd6 7. f4 O-O 8. g4
Bxe5 9. fxe5 Bxg4 10. Qd2 Re8 11. Qf4 Qxd3 12. Qe3 Qd1+ 13. Kf2 Qxh1 14. Kg3 Nc6
15. Qf4 Nh5+ 16. Kxg4 Qd1+ 17. Qf3 Nxe5+ 18. Kxh5 Qxf3+ 19. Kg5 Qg4# 0-1

[Event "DOWN WITH QUEEN ALICE"]
[Site "http://www.queenalice.com/game.php?id=892136"]
[Date "2011.1.28"]
[Round "-"]
[White "mike52"]
[Black "Homedepotov"]
[Result "0-1"]
[WhiteElo "1388"]
[BlackElo "1641"]

1. b4 b5 2. a3 a5 3. bxa5 Rxa5 4. c3 c5 5. e3 c4 6. h3 d5 7. g4 Nf6 8. Bg2 e6 9.
g5 Nfd7 10. h4 Nc5 11. Nf3 Nc6 12. O-O h6 13. gxh6 Rxh6 14. Nd4 Nxd4 15. exd4
Nd3 16. f4 Qxh4 17. Qe2 Qh2# 0-1

[Event "DOWN WITH EVERYTHING"]
[Site "http://www.queenalice.com/game.php?id=892609"]
[Date "2011.1.28"]
[Round "-"]
[White "Scharlatan"]
[Black "Homedepotov"]
[Result "1-0"]
[WhiteElo "1907"]
[BlackElo "1655"]

1. d4 Nf6 2. Nf3 d5 3. e3 e6 4. Bd3 c5 5. b3 Bd6 6. Bb2 Nc6 7. Nbd2 O-O 8. O-O
b6 9. Ne5 Bb7 10. f4 g6 11. Rf3 Nb4 12. Be2 Qc7 13. a3 Nc6 14. Nxc6 Bxc6 15.
dxc5 Be7 16. cxb6 axb6 17. Bd3 Nd7 18. Rh3 Bf6 19. Qc1 Bxb2 20. Qxb2 Qd8 21. Nf3
Qf6 22. Nd4 Nc5 23. Rc1 Bd7 24. Qa1 Rfc8 25. Rf3 Nxd3 26. cxd3 Rc5 27. Rff1 Rac8
28. Rxc5 bxc5 29. Nf3 Qxa1 30. Rxa1 c4 31. bxc4 dxc4 32. dxc4 Rxc4 33. Nd4 Kf8
34. Kf2 Ke7 35. Ke2 Kd6 36. Kd3 Ra4 37. Nf3 f6 38. g4 Bb5+ 39. Kd2 e5 40. fxe5+
fxe5 41. h3 Bc6 42. Ng5 h5 43. gxh5 gxh5 44. Nf7+ Ke6 45. Nd8+ Kd7 46. Nxc6 1-0

[Event "DOWN WITH MUBARAK!"]
[Site "http://www.queenalice.com/game.php?id=894094"]
[Date "2011.2.1"]
[Round "-"]
[White "mike52"]
[Black "Homedepotov"]
[Result "1/2-1/2"]
[WhiteElo "1432"]
[BlackElo "1649"]

1. b4 g5 2. Bb2 Nf6 3. b5 Bg7 4. a4 O-O 5. d4 d5 6. h3 Bf5 7. g4 Be4 8. f3 Bg6
9. c3 a6 10. Ba3 axb5 11. Nd2 Re8 12. Nb3 bxa4 13. Nc5 b6 14. Nd3 Nbd7 15. Nb4
e6 16. Nc6 Qc8 17. e3 Bf8 18. Bxf8 Kxf8 19. Ne5 Nxe5 20. dxe5 Nd7 21. Bb5 c6 22.
Bd3 Nxe5 23. Bxg6 fxg6 24. h4 Nc4 25. Rxa4 Rxa4 26. Qxa4 Nxe3 27. hxg5 Qc7 28.
Qb4+ c5 29. Qa4 Qg3+ 30. Ke2 Nc4 31. Rxh7 Qxg1 32. Rh8+ Kg7 33. Qd7+ Re7 34.
Qxe7+ Kxh8 35. Qf8+ Kh7 36. Qh6+ Kg8 37. Qxg6+ Kf8 38. Qf6+ Kg8 39. Qxe6+ Kh8
40. Qf6+ 1/2-1/2

[Event "Let's Play Chess!"]
[Site "http://www.queenalice.com/game.php?id=898267"]
[Date "2011.2.10"]
[Round "-"]
[White "MrHappy"]
[Black "Homedepotov"]
[Result "1-0"]
[WhiteElo "1400"]
[BlackElo "1590"]

1. e4 e5 2. Nf3 Qf6 3. Bc4 Nc6 4. Nc3 Bc5 5. d3 h6 6. O-O d6 7. Be3 Bb6 8. Nd5
Qd8 9. Nxb6 axb6 10. Re1 Bg4 11. h3 Be6 12. Bxe6 fxe6 13. Qd2 Nge7 14. Rad1 O-O
15. a3 g5 16. Bxg5 hxg5 17. Qxg5+ 1-0

[Event "DOWN WITH HOMEDEPOTOV"]
[Site "http://www.queenalice.com/game.php?id=901093"]
[Date "2011.2.16"]
[Round "-"]
[White "spawnwolfwolverine"]
[Black "Homedepotov"]
[Result "1/2-1/2"]
[WhiteElo "1636"]
[BlackElo "1615"]

1. d4 d5 2. e3 Nc6 3. Bb5 e6 4. Nf3 Bd7 5. O-O Nf6 6. b3 Ne7 7. Bxd7+ Qxd7 8. a4
Ng6 9. Ba3 Bxa3 10. Nxa3 Ke7 11. c4 a6 12. b4 c6 13. b5 axb5 14. axb5 cxb5 15.
cxb5 Rhc8 16. Qd3 Ne4 17. Ne5 Nxe5 18. dxe5 Rc3 19. Qd4 Qc7 20. f3 Qc5 21. Qxc5+
Nxc5 22. e4 Raxa3 23. Rxa3 Rxa3 24. exd5 exd5 25. f4 Rb3 26. g4 Rxb5 27. h4 Ne4
28. f5 d4 29. f6+ gxf6 30. exf6+ Nxf6 31. g5 Ne4 32. Re1 Re5 33. Kg2 Kd6 34. Kf3
Nxg5+ 35. hxg5 Rxe1 36. g6 d3 37. gxh7 d2 38. h8=Q d1=B+ 39. Kf2 Re2+ 40. Kf1
Re7 41. Qd4+ Kc7 42. Qxd1 Rd7 43. Qc1+ Kd8 44. Qc5 Rd1+ 45. Ke2 Rd7 46. Qb6+
1/2-1/2

[Event "Down with Halstead, Kansas"]
[Site "http://www.queenalice.com/game.php?id=902036"]
[Date "2011.2.18"]
[Round "-"]
[White "Homedepotov"]
[Black "spawnwolfwolverine"]
[Result "1/2-1/2"]
[WhiteElo "1613"]
[BlackElo "1659"]

1. d4 d5 2. c4 dxc4 3. e3 b5 4. a4 c6 5. axb5 cxb5 6. Nf3 Bb7 7. Nc3 a6 8. Be2
e6 9. O-O Bd6 10. b3 Bd5 11. e4 Bb7 12. bxc4 Ne7 13. cxb5 axb5 14. Rxa8 Bxa8 15.
Bxb5+ Nd7 16. Qa4 h5 17. Bxd7+ Qxd7 18. Qxa8+ Qd8 19. Qxd8+ Kxd8 20. Nb5 Bb4 21.
Ba3 Bxa3 22. Nxa3 Ng6 23. d5 exd5 24. exd5 Kd7 25. Nc4 Rc8 26. Nb6+ Kc7 27. Nxc8
Kxc8 28. Rc1+ Kd7 29. Rc6 f6 30. Nd4 Ne5 31. Ra6 h4 32. f4 Nc4 33. Nf5 g5 34.
fxg5 fxg5 35. Ra7+ Kc8 36. d6 Nxd6 37. Nxd6+ Kb8 38. Rb7+ Ka8 39. g3 hxg3 40.
hxg3 g4 41. Kf2 1/2-1/2

[Event "Please come back Mubarak!"]
[Site "http://www.queenalice.com/game.php?id=902051"]
[Date "2011.2.18"]
[Round "-"]
[White "viiwasso"]
[Black "Homedepotov"]
[Result "0-1"]
[WhiteElo "925"]
[BlackElo "1627"]

1. e4 e5 2. c4 Nf6 3. Bd3 Bc5 4. Ne2 d6 5. f3 Nc6 6. Nbc3 O-O 7. Na4 Bb6 8. b3
Nb4 9. Bb1 Nd7 10. d3 Nc5 11. Nac3 Nbxd3+ 12. Bxd3 Nxd3+ 13. Qxd3 f5 14. exf5
Bxf5 15. Qe3 Bxe3 16. Bxe3 c6 17. O-O d5 18. cxd5 cxd5 19. Rad1 d4 20. Bxd4 exd4
21. Nxd4 Qb6 22. Kh1 Qb4 23. Ndb5 a6 24. Nc7 Rac8 25. N3d5 Qd6 26. g4 Bc2 27.
Rde1 Rxc7 28. Ne3 Bg6 29. Rd1 Qa3 30. Rd3 Rc1 31. Kg2 Bxd3 32. Rf2 Re8 33. Nc4
Bxc4 34. bxc4 Ree1 35. h4 Rg1+ 36. Kh2 Rh1+ 37. Kg3 Rcg1+ 38. Kf4 Qd6+ 39. Kf5
Re1 40. Rb2 Qf6# 0-1

[Event "DOWN WITH NEWTON, KANSAS"]
[Site "http://www.queenalice.com/game.php?id=904353"]
[Date "2011.2.23"]
[Round "-"]
[White "Kirita"]
[Black "Homedepotov"]
[Result "1-0"]
[WhiteElo "1703"]
[BlackElo "1640"]

1. e4 e5 2. Bc4 Bc5 3. Nf3 d6 4. d3 Nf6 5. Ng5 O-O 6. O-O h6 7. Nf3 Nc6 8. a3
Bg4 9. h3 Be6 10. Bxe6 fxe6 11. b4 Bb6 12. c4 Nd4 13. Nbd2 c5 14. b5 Qe7 15. Bb2
a6 16. Nxd4 exd4 17. a4 axb5 18. cxb5 d5 19. f3 e5 20. f4 exf4 21. Rxf4 dxe4 22.
dxe4 Bc7 23. Rf1 Qe5 24. Qb3+ Kh8 25. Nf3 Qxe4 26. Rae1 Qd5 27. Nd2 Qxb3 28.
Nxb3 b6 29. Re7 Bd6 30. Re6 Rad8 31. a5 bxa5 32. Nxa5 Rfe8 33. Rxe8+ Rxe8 34.
Nc4 Bg3 35. Ba3 Ne4 36. b6 d3 37. Ne3 d2 38. b7 Bf2+ 39. Rxf2 Nxf2 40. Kxf2 Rxe3
41. Kxe3 d1=Q 42. b8=Q+ Kh7 43. Qb2 Qe1+ 44. Qe2 Qg3+ 45. Qf3 Qe1+ 46. Kd3 Qb1+
47. Kc4 Qc2+ 48. Kb5 c4 49. Bb4 1-0

[Event "Let's Play Strip Chess!"]
[Site "http://www.queenalice.com/game.php?id=916211"]
[Date "2011.3.23"]
[Round "-"]
[White "Homedepotov"]
[Black "spawnwolfwolverine"]
[Result "0-1"]
[WhiteElo "1616"]
[BlackElo "1648"]

1. d4 d5 2. c4 dxc4 3. Qa4+ c6 4. Qxc4 e6 5. Nc3 Nf6 6. Nf3 Bd6 7. e4 O-O 8. Bd3
a6 9. e5 b5 10. Qb3 Bxe5 11. Nxe5 Qxd4 12. O-O Qxe5 13. Be3 c5 14. Qc2 Bb7 15.
Rae1 c4 16. Be2 Nc6 17. Bf3 Rad8 18. Bb6 Rd7 19. Re4 Qf5 20. Re2 Qxc2 21. Rxc2
e5 22. Rd1 Rxd1+ 23. Nxd1 Nd4 24. Rc3 Nxf3+ 25. gxf3 e4 26. fxe4 Bxe4 27. f3 Bd3
28. Nf2 Nd5 0-1

[Event "Brazilian Championship"]
[Site "http://www.queenalice.com/game.php?id=916756"]
[Date "2011.3.24"]
[Round "-"]
[White "adelio"]
[Black "Homedepotov"]
[Result "1-0"]
[WhiteElo "1626"]
[BlackElo "1629"]

1. g3 d5 2. b3 c5 3. d3 Nc6 4. c3 e5 5. e3 f5 6. a3 b5 7. Ra2 a5 8. h4 h5 9. f3
Kf7 10. Nh3 Kg6 11. Rg2 Nb8 12. Qe2 Kf7 13. Ng5+ Ke8 14. Nd2 Ra6 15. e4 fxe4 16.
fxe4 d4 17. c4 Rf6 18. cxb5 Bg4 19. Ndf3 a4 20. bxa4 Qa5+ 21. Bd2 Qxa4 22. Nxe5
Qa8 23. Nef3 Qa4 24. e5 Rf5 25. e6 Ne7 26. Kf2 Nd5 27. e7 Bxe7 28. Kg1 Nd7 29.
Rf2 Rh6 30. Ne4 Re6 31. Nd6+ Kd8 32. Qxe6 Rxf3 33. Qg8+ Kc7 34. Ne8+ Kb6 35.
Qxd5 Rxf2 36. Qc6+ Ka7 37. Kxf2 Ne5 38. b6+ Ka6 39. Nc7# 1-0

[Event "!ssehC yalP s'teL"]
[Site "http://www.queenalice.com/game.php?id=917001"]
[Date "2011.3.24"]
[Round "-"]
[White "Homedepotov"]
[Black "Hoschi"]
[Result "0-1"]
[WhiteElo "1601"]
[BlackElo "1733"]

1. g4 d6 2. h3 g6 3. Bg2 Bg7 4. Nc3 c6 5. e4 e5 6. d3 Ne7 7. f4 b5 8. f5 f6 9.
Nf3 Qb6 10. Be3 Qc7 11. Kf2 Nd7 12. Qg1 Qa5 13. a3 b4 14. axb4 Qxb4 15. Nd1 a5
16. c3 Qb8 17. Ke2 d5 18. Kd2 c5 19. Kc2 d4 20. cxd4 cxd4 21. Bd2 Qb5 22. Ra3
Nc6 23. Nf2 Bf8 24. Qa1 Bxa3 0-1

[Event "Roy Alen Holinde (1957-1977)"]
[Site "http://www.queenalice.com/game.php?id=940109"]
[Date "2011.5.19"]
[Round "-"]
[White "adelio"]
[Black "Homedepotov"]
[Result "1-0"]
[WhiteElo "1729"]
[BlackElo "1590"]

1. g3 d5 2. b3 c5 3. a3 Nc6 4. d3 e5 5. e3 f5 6. Ra2 Be6 7. c3 Nf6 8. h4 Bd6 9.
h5 b5 10. h6 g5 11. f3 a5 12. Rah2 Kf7 13. Nh3 Kg6 14. e4 Kh5 15. Nf4# 1-0